[Event "SR 5. liga SE-SI 2015/2016"]
[Site "?"]
[Date "2016.10.15"]
[Round "1.4"]
[White "Cambal, Peter"]
[Black "Zlamal, Marek"]
[Result "0-1"]
[WhiteElo "1218"]
[BlackElo "1766"]
[PlyCount "50"]
[EventDate "2016.??.??"]

1. e4 e5 2. f4 d6 3. Nf3 Nc6 4. Bc4 h6 5. O-O exf4 6. d4 g5 7. Nc3 Bg4 8. Qd3
a6 9. a3 Qf6 10. Nd5 Qd8 11. Bd2 Bg7 12. Bc3 Nge7 13. Rae1 O-O 14. e5 dxe5 15.
dxe5 Be6 16. Nf6+ Bxf6 17. exf6 Bxc4 18. Qxc4 Nf5 19. Rd1 Qe8 20. Bd2 Qe6 21.
Qc3 Rad8 22. Rfe1 Ne3 23. Bxe3 Rxd1 24. Bf2 Rxe1+ 25. Nxe1 Rd8 0-1

[Event "SR 5. liga SE-SI 2015/2016"]
[Site "?"]
[Date "2016.10.15"]
[Round "1.4"]
[White "Svrcek, Daniel"]
[Black "Daniel, Dusan"]
[Result "1-0"]
[WhiteElo "1312"]
[BlackElo "1074"]
[PlyCount "39"]
[EventDate "2016.??.??"]

1. e4 e5 2. Nf3 Nc6 3. Bb5 Nf6 4. O-O Bc5 5. c3 Nxe4 6. d4 exd4 7. cxd4 Bb4 8.
Qe2 d5 9. Bd2 Be7 10. Ne5 Bd7 11. Re1 Nxd4 12. Bxd7+ Kf8 13. Qd3 Bc5 14. Bc3
Nc6 15. Nxc6 Bxf2+ 16. Kh1 Qxd7 17. Rxe4 Qxc6 18. Re2 Qc5 19. a3 Re8 20. Bb4
1-0

[Event "SR 5. liga SE-SI 2015/2016"]
[Site "?"]
[Date "2016.10.15"]
[Round "1.4"]
[White "Steiner, Juraj"]
[Black "Stefko, Martin"]
[Result "1-0"]
[WhiteElo "1000"]
[BlackElo "1000"]
[PlyCount "39"]
[EventDate "2016.??.??"]

1. c4 e6 2. Nc3 Nf6 3. d4 d5 4. c5 Nc6 5. Nf3 b6 6. b4 a5 7. b5 Ne4 8. Qd3 bxc5
9. bxc6 c4 10. Qc2 Bb4 11. Bd2 Qd6 12. Nxe4 dxe4 13. Qxe4 a4 14. Rb1 Rb8 15. e3
c3 16. Qc2 Qxc6 17. Ke2 Ba6+ 18. Kd1 O-O 19. Ng5 h6 20. Qh7# 1-0

[Event "SR 5. liga SE-SI 2015/2016"]
[Site "?"]
[Date "2016.10.15"]
[Round "1.4"]
[White "Stefko, Filip"]
[Black "Sefcik, Marek Ml"]
[Result "0-1"]
[WhiteElo "1000"]
[BlackElo "1000"]
[PlyCount "26"]
[EventDate "2016.??.??"]

1. d4 d5 2. e3 Nf6 3. Bb5+ c6 4. Ba4 Bg4 5. Nf3 Nbd7 6. O-O e5 7. dxe5 Nxe5 8.
h3 Nxf3+ 9. gxf3 Bxh3 10. Re1 Bd6 11. Nc3 Nh5 12. Nxd5 Qg5+ 13. Kh1 Qg2# 0-1

[Event "SR 5. liga SE-SI 2015/2016"]
[Site "?"]
[Date "2016.10.15"]
[Round "1.4"]
[White "Datko, Jan"]
[Black "Bartosik, Rafael"]
[Result "1-0"]
[WhiteElo "1000"]
[BlackElo "1000"]
[PlyCount "43"]
[EventDate "2016.??.??"]

1. e4 e5 2. Bc4 Nf6 3. d3 Nc6 4. Nf3 Bc5 5. a3 Ng4 6. Be3 Nd4 7. c3 Nxe3 8.
fxe3 Nxf3+ 9. Qxf3 Rf8 10. d4 exd4 11. exd4 Be7 12. Nd2 Bg5 13. Rf1 Bxd2+ 14.
Kxd2 Qg5+ 15. Kc2 d6 16. Bxf7+ Rxf7 17. Qxf7+ Kd8 18. Qf8+ Kd7 19. d5 Qxg2+ 20.
Kb3 Qg5 21. Rf7+ Qe7 22. Rxe7# 1-0

[Event "SR 5. liga SE-SI 2015/2016"]
[Site "?"]
[Date "2016.11.12"]
[Round "2.1"]
[White "Vlk, Jaroslav"]
[Black "Steiner, Juraj"]
[Result "1-0"]
[WhiteElo "1492"]
[BlackElo "1000"]
[PlyCount "79"]
[EventDate "2016.??.??"]

1. e4 d5 2. Nc3 d4 3. Nd5 c6 4. Nb4 e5 5. c3 c5 6. Nd5 Be6 7. c4 Nf6 8. d3 Nxd5
9. cxd5 Bxd5 10. exd5 Qxd5 11. f3 Be7 12. g4 Bh4+ 13. Ke2 Nd7 14. b3 Nf6 15. h3
e4 16. Bg2 Qe5 17. fxe4 Qg3 18. Qf1 O-O 19. Bf4 Qf2+ 20. Qxf2 Bxf2 21. Kxf2
Rfe8 22. e5 Nd7 23. Re1 Rad8 24. Bxb7 Re7 25. Bc6 Nf8 26. Bg5 f6 27. exf6 Rxe1
28. Kxe1 g6 29. Nf3 Rd6 30. Ne5 Ne6 31. h4 Nd8 32. Bd7 Ne6 33. Rf1 Nxg5 34.
hxg5 Rd5 35. Be6+ Kf8 36. Bxd5 a6 37. f7 c4 38. bxc4 a5 39. Nd7+ Kg7 40. f8=Q#
1-0

[Event "SR 5. liga SE-SI 2015/2016"]
[Site "?"]
[Date "2016.11.12"]
[Round "2.1"]
[White "Sefcik, Marek Ml"]
[Black "Ralbovsky, Dominik"]
[Result "0-1"]
[WhiteElo "1000"]
[BlackElo "1000"]
[PlyCount "68"]
[EventDate "2016.??.??"]

1. e4 {0} e5 2. Nf3 Nc6 3. Bc4 Nf6 4. Nc3 h6 5. d3 a6 6. Be3 Bb4 7. O-O O-O 8.
Nd5 Ng4 9. a3 Nxe3 10. Nxe3 Bc5 11. Nf5 Nd4 12. Nxe5 Nxf5 13. exf5 Bd4 14. Nf3
Bxb2 15. Ra2 Qf6 16. Re1 d6 17. d4 Bc3 18. Re3 Ba5 19. c3 Qxf5 20. Nh4 Qg5 21.
Re4 Bxc3 22. Rc2 d5 23. Re5 Qxh4 24. Rxd5 Be6 25. Rh5 Qxd4 26. Bd3 Bg4 27. Qf1
Bxh5 28. Kh1 Rfe8 29. g3 Bf3+ 30. Kg1 Re1 31. Rc1 Rae8 32. h3 Qxd3 33. Kh2 Qxf1
34. Rxc3 Qh1# 0-1

[Event "SR 5. liga SE-SI 2015/2016"]
[Site "?"]
[Date "2016.11.12"]
[Round "2.1"]
[White "Hyza, Richard"]
[Black "Datko, Jan"]
[Result "1/2-1/2"]
[WhiteElo "1000"]
[BlackElo "1000"]
[PlyCount "88"]
[EventDate "2016.??.??"]

1. e4 e5 2. Nf3 Nc6 3. Bc4 Bc5 4. Nc3 Nf6 5. d3 a6 6. Bg5 O-O 7. O-O d6 8. h3
Qe7 9. Qe2 Be6 10. Rad1 b5 11. Bb3 Rad8 12. Nd5 Bxd5 13. Bxd5 Nb4 14. a3 Nbxd5
15. exd5 h6 16. Bh4 g5 17. Bg3 Nxd5 18. c4 Nf4 19. Bxf4 gxf4 20. cxb5 axb5 21.
d4 e4 22. dxc5 dxc5 23. Nd2 e3 24. fxe3 c4 25. Rxf4 f5 26. e4 Qe5 27. Qf3 fxe4
28. Qg4+ Kh8 29. Rxf8+ Rxf8 30. Qxe4 Qxb2 31. Nf3 Qf6 32. Rd7 Rf7 33. Qe8+ Rf8
34. Qe7 Qxe7 35. Rxe7 c3 36. Ne1 Ra8 37. Nc2 c5 38. Rb7 Ra5 39. Kf2 b4 40. axb4
cxb4 41. Nxb4 Rc5 42. Ke2 c2 43. Nxc2 Rxc2+ 44. Kf3 Rc5 1/2-1/2

[Event "SR 5. liga SE-SI 2015/2016"]
[Site "?"]
[Date "2016.11.12"]
[Round "2.1"]
[White "Matula, Tomas"]
[Black "Daniel, Jakub"]
[Result "0-1"]
[WhiteElo "1000"]
[BlackElo "1000"]
[PlyCount "60"]
[EventDate "2016.??.??"]

1. d4 d5 2. Bf4 Nf6 3. Nc3 Nc6 4. Nf3 Bf5 5. a3 e6 6. e3 Be7 7. Be2 O-O 8. O-O
h6 9. h3 Ne4 10. Nh4 Bxh3 11. gxh3 Bxh4 12. Bh5 Nxf2 13. Qg4 Nxg4 14. Bxg4 f5
15. Bh5 Qf6 16. Nb5 e5 17. dxe5 Nxe5 18. Rad1 c6 19. Nc7 Rac8 20. Nxd5 cxd5 21.
c3 Rfd8 22. Rc1 g6 23. Be2 g5 24. Bh2 f4 25. Bh5 f3 26. Bxe5 f2+ 27. Rxf2 Qxf2+
28. Kh1 Bg3 29. Bxg3 Qxg3 30. Rg1 Qxh3# 0-1

[Event "SR 5. liga SE-SI 2015/2016"]
[Site "?"]
[Date "2016.11.12"]
[Round "2.1"]
[White "Lanza, Matej"]
[Black "Matula, Vojtech"]
[Result "0-1"]
[WhiteElo "1000"]
[BlackElo "1000"]
[PlyCount "88"]
[EventDate "2016.??.??"]

1. d4 d5 2. Nc3 Nc6 3. Nf3 Bf5 4. e3 e5 5. Bd2 Nb4 6. Be2 Nxc2+ 7. Kf1 Nf6 8.
Rc1 Nb4 9. Bb5+ c6 10. Be2 Bd6 11. Nb5 a6 12. Nxd6+ Qxd6 13. Bxb4 Qxb4 14. Bd3
e4 15. Nh4 Be6 16. Be2 O-O 17. f3 Qxb2 18. fxe4 Nxe4 19. Bf3 Nd2+ 20. Kg1 Qxa2
21. Qe2 Qb2 22. Rd1 Qc2 23. Rxd2 Qb1+ 24. Rd1 Qb3 25. Qf1 Qxe3+ 26. Qf2 Qb3 27.
Be2 Qc2 28. Nf3 a5 29. Ne1 Qb3 30. Rd3 Qb1 31. Re3 Bd7 32. Bd3 Qc1 33. Qh4
Qxe3+ 34. Kf1 h6 35. g3 a4 36. Bc2 a3 37. Ng2 Qc1+ 38. Ne1 a2 39. Bh7+ Kxh7 40.
Kg2 Qd2+ 41. Kg1 a1=Q 42. Qh3 Qaxe1+ 43. Qf1 Ra1 44. Qxe1 Rxe1# 0-1

[Event "SR 5. liga SE-SI 2015/2016"]
[Site "?"]
[Date "2016.11.12"]
[Round "2.2"]
[White "Kanka, Tomas"]
[Black "Moravec, Milan"]
[Result "0-1"]
[WhiteElo "1697"]
[BlackElo "1716"]
[PlyCount "92"]
[EventDate "2016.??.??"]

1. e4 e6 2. Nf3 d5 3. exd5 exd5 4. d4 Nf6 5. Bd3 Bg4 6. O-O Be7 7. h3 Bh5 8. c4
O-O 9. Be3 Nbd7 10. Nc3 dxc4 11. Bxc4 Nb6 12. Bb3 Nbd5 13. Rc1 Nxe3 14. fxe3 c6
15. e4 Bg6 16. e5 Ne4 17. Qe1 Bb4 18. Bc2 Nxc3 19. bxc3 Ba3 20. Bxg6 Bxc1 21.
Bxh7+ Kxh7 22. Qxc1 Qd5 23. c4 Qd8 24. Ng5+ Kg8 25. Qf4 f6 26. Ne6 fxe5 27.
Qxf8+ Qxf8 28. Rxf8+ Rxf8 29. Nxf8 Kxf8 30. dxe5 b5 31. cxb5 cxb5 32. Kf2 a5
33. Ke3 a4 34. Kd3 b4 35. Kc2 Ke7 36. Kb2 Ke6 37. Kc2 Kxe5 38. g3 Ke4 39. g4 g5
40. Kd2 Kf3 41. Kc2 Kg3 42. Kd3 Kxh3 43. Kc4 b3 44. axb3 axb3 45. Kxb3 Kxg4 46.
Kc2 Kf3 0-1

[Event "SR 5. liga SE-SI 2015/2016"]
[Site "?"]
[Date "2016.11.12"]
[Round "2.2"]
[White "Cerovsky, Marian"]
[Black "Kastler, Peter"]
[Result "1/2-1/2"]
[WhiteElo "1825"]
[BlackElo "1747"]
[PlyCount "60"]
[EventDate "2016.??.??"]

1. e4 e6 2. Nc3 d5 3. exd5 exd5 4. d4 Nf6 5. a3 Bd6 6. Bg5 c6 7. Qe2+ Be6 8.
Qf3 Nbd7 9. Bd3 Qc7 10. h3 h6 11. Be3 O-O 12. Nge2 Rfe8 13. g4 Nh7 14. Bxh7+
Kxh7 15. g5 hxg5 16. Qh5+ Kg8 17. Bxg5 Bf5 18. O-O-O Bg6 19. Qg4 Nf8 20. h4 Qd7
21. Qxd7 Nxd7 22. h5 Bf5 23. Rdg1 Re6 24. h6 gxh6 25. Bxh6+ Rg6 26. Rxg6+ Bxg6
27. Nf4 Bxf4+ 28. Bxf4 Re8 29. Kd2 Kg7 30. Bh6+ Kg8 1/2-1/2

[Event "SR 5. liga SE-SI 2015/2016"]
[Site "?"]
[Date "2016.11.12"]
[Round "2.2"]
[White "Papanek, Lubomir"]
[Black "Damborsky, Pavol"]
[Result "1/2-1/2"]
[WhiteElo "1665"]
[BlackElo "1676"]
[PlyCount "120"]
[EventDate "2016.??.??"]

1. e4 e5 2. Nf3 d6 3. Bc4 Nf6 4. d3 h6 5. O-O Be7 6. Re1 Nc6 7. c3 Bd7 8. Bb3
O-O 9. Bc2 Bg4 10. Nbd2 Nh7 11. h3 Bh5 12. g4 Bg6 13. Nf1 Ng5 14. Bxg5 Bxg5 15.
Nxg5 Qxg5 16. Qd2 f6 17. Qe3 Qxe3 18. Nxe3 Ne7 19. Rf1 Bf7 20. f4 exf4 21. Rxf4
Ng6 22. Rf2 Rae8 23. Nf5 Ne7 24. Nd4 c6 25. Nf5 Nxf5 26. exf5 Re3 27. Kh2 Rfe8
28. Rg1 b5 29. Rd1 Bd5 30. Bb3 Bxb3 31. axb3 Re2 32. Rd2 Re1 33. Kg2 R8e3 34.
Kh2 Kf7 35. d4 Ke7 36. b4 d5 37. Kg2 Kd6 38. Kh2 Re4 39. Rg2 R1e3 40. Rdf2 Ke7
41. Rg3 Re1 42. Rgg2 R1e3 43. Rg1 Re1 44. Rxe1 Rxe1 45. Kg3 Re3+ 46. Kh2 Re1
47. Kg2 Kf7 48. Kf3 Re4 49. Re2 Rxe2 50. Kxe2 g5 51. Kd3 Ke7 52. b3 Kd6 53. Ke3
a6 54. Kf3 Ke7 55. Kg3 Kd6 56. Kf3 Ke7 57. Ke2 Kd7 58. Kd2 Kd6 59. Kd3 Kd7 60.
c4 Kd6 1/2-1/2

[Event "SR 5. liga SE-SI 2015/2016"]
[Site "?"]
[Date "2016.11.12"]
[Round "2.2"]
[White "Dubecky, Ladislav"]
[Black "Mraz, Jan"]
[Result "0-1"]
[WhiteElo "1615"]
[BlackElo "1545"]
[PlyCount "64"]
[EventDate "2016.??.??"]

1. e4 b6 2. f4 Bb7 3. Nc3 g6 4. Nf3 Bg7 5. e5 e6 6. Bb5 a6 7. Ba4 b5 8. Bb3 Ne7
9. O-O O-O 10. d4 d6 11. a4 b4 12. Ne2 dxe5 13. fxe5 a5 14. Bg5 h6 15. Bh4 g5
16. Bg3 Nf5 17. Bf2 Bxf3 18. gxf3 Nc6 19. c3 Nce7 20. Ng3 Nd5 21. Bxd5 Qxd5 22.
Nxf5 exf5 23. h4 Qd8 24. h5 f4 25. Kg2 f6 26. e6 Qe8 27. d5 Qxh5 28. Rh1 Qg6
29. c4 f5 30. Qe2 g4 31. Bc5 gxf3+ 32. Kf2 Qg2+ 0-1

[Event "SR 5. liga SE-SI 2015/2016"]
[Site "?"]
[Date "2016.11.12"]
[Round "2.2"]
[White "Ralbovsky, Milan"]
[Black "Pisecky, Jan"]
[Result "0-1"]
[WhiteElo "1000"]
[BlackElo "1440"]
[PlyCount "142"]
[EventDate "2016.??.??"]

1. e4 e5 2. c4 Bc5 3. g3 Nc6 4. a3 Nf6 5. d3 d6 6. Nf3 Ng4 7. Be3 Nxe3 8. fxe3
Bxe3 9. Nc3 Bg4 10. Be2 Bxf3 11. Bxf3 O-O 12. Nd5 Bd4 13. Rb1 Ne7 14. b4 c6 15.
Nxe7+ Qxe7 16. b5 c5 17. Rf1 f5 18. Kd2 Qg5+ 19. Kc2 f4 20. g4 Qh4 21. Qd2 Rf6
22. Rh1 Rh6 23. Rbf1 Qd8 24. a4 a6 25. g5 Qxg5 26. Qa5 Qd8 27. Qxd8+ Rxd8 28.
bxa6 bxa6 29. Rb1 Rf6 30. Rb6 Ra8 31. Rhb1 Rh6 32. Rh1 Bf2 33. h3 Bh4 34. Rhb1
Be7 35. Rb8+ Rxb8 36. Rxb8+ Kf7 37. Bg2 g5 38. Kc3 a5 39. Ra8 g4 40. hxg4 Rh2
41. Bf1 f3 42. Rxa5 Rh1 43. Rb5 Rxf1 44. Kd2 Bg5+ 45. Kc3 Rc1+ 46. Kb3 f2 47.
a5 f1=Q 48. Rb7+ Be7 49. Ka4 Qxd3 50. Kb5 Qxc4+ 51. Kc6 Qxe4+ 52. Kc7 Qxg4 53.
a6 Qg8 54. Rb8 Ra1 55. Rxg8 Kxg8 56. Kb7 h5 57. a7 h4 58. a8=Q+ Rxa8 59. Kxa8
h3 60. Kb7 h2 61. Kc7 Kf7 62. Kc6 Ke6 63. Kc7 c4 64. Kc6 e4 65. Kb5 d5 66. Ka4
e3 67. Kb5 e2 68. Kc6 d4 69. Kb5 Kd5 70. Ka4 d3 71. Kb5 h1=Q 0-1

[Event "SR 5. liga SE-SI 2015/2016"]
[Site "?"]
[Date "2016.11.12"]
[Round "2.3"]
[White "Antalek, Rudolf"]
[Black "Trojkova, Michaela"]
[Result "1/2-1/2"]
[WhiteElo "1692"]
[BlackElo "1691"]
[PlyCount "105"]
[EventDate "2016.??.??"]

1. e4 c5 2. Nc3 Nc6 3. g3 g6 4. Bg2 Bg7 5. d3 Nf6 6. Be3 d6 7. f4 e6 8. Nh3 d5
9. Bxc5 d4 10. Ne2 Qa5+ 11. b4 Nxb4 12. Bxb4 Qxb4+ 13. Qd2 Qxd2+ 14. Kxd2 O-O
15. e5 Ng4 16. Nxd4 f6 17. exf6 Bxf6 18. c3 Bxd4 19. cxd4 Rd8 20. Ng5 Rxd4 21.
Rhe1 Rd6 22. Ne4 Rb6 23. Rab1 Nxh2 24. Rxb6 axb6 25. Nc3 b5 26. Rb1 Bd7 27.
Bxb7 Rb8 28. Ba6 b4 29. Ne4 Ng4 30. Nc5 Nf6 31. a3 b3 32. Rxb3 Rxb3 33. Nxb3
Kf7 34. Nc5 Bc6 35. a4 Ke7 36. Bb7 Bxb7 37. Nxb7 Kd7 38. Nc5+ Ke7 39. Kc3 Kd6
40. Kc4 Nd5 41. a5 h5 42. a6 h4 43. gxh4 Nxf4 44. a7 Nd5 45. a8=N Ne3+ 46. Kb5
Nf5 47. Nb6 Nxh4 48. Nc8+ Kd5 49. Ne7+ Kd6 50. Nc6 Nf5 51. Nd8 e5 52. Nf7+ Kd5
53. Nd7 1/2-1/2

[Event "SR 5. liga SE-SI 2015/2016"]
[Site "?"]
[Date "2016.11.12"]
[Round "2.3"]
[White "Kaufman, Robert"]
[Black "Spanik, Ondrej"]
[Result "1-0"]
[WhiteElo "1317"]
[BlackElo "1356"]
[PlyCount "41"]
[EventDate "2016.??.??"]

1. e4 e5 2. Nf3 Nc6 3. Bc4 d6 4. d3 Be7 5. c3 Be6 6. Bb3 Qd7 7. Be3 Nf6 8. Nbd2
h6 9. Nc4 O-O 10. O-O a6 11. Bd2 d5 12. Ncxe5 Nxe5 13. Nxe5 Qd6 14. Bf4 c6 15.
Ng6 Bg4 16. Bxd6 Bxd1 17. Nxe7+ Kh7 18. Raxd1 g6 19. exd5 Rad8 20. dxc6 Rxd6
21. c7 1-0

[Event "SR 5. liga SE-SI 2015/2016"]
[Site "?"]
[Date "2016.11.12"]
[Round "2.3"]
[White "Parizek, Ondrej"]
[Black "Bazovsky, Max"]
[Result "0-1"]
[WhiteElo "1000"]
[BlackElo "1318"]
[PlyCount "88"]
[EventDate "2016.??.??"]

1. e4 c5 2. Nf3 g6 3. Nc3 Bg7 4. d4 cxd4 5. Nxd4 Nc6 6. Be3 Nf6 7. e5 Nxe5 8.
f4 Nc6 9. Nxc6 bxc6 10. Bd4 O-O 11. Qd2 Bb7 12. O-O-O Qc7 13. Re1 e6 14. Bc4 c5
15. Be5 Qc8 16. f5 exf5 17. Bxf6 Bxf6 18. Nd5 Bxd5 19. Qxd5 Rb8 20. b3 Rb6 21.
Re2 Re6 22. Rhe1 Rxe2 23. Rxe2 Qc6 24. Qd1 d6 25. Qe1 Be5 26. Rd2 Bf4 27. Qe7
Bxd2+ 28. Kxd2 Qxg2+ 29. Qe2 Qxe2+ 30. Kxe2 Re8+ 31. Kd3 Kg7 32. Bb5 Re5 33. c4
f4 34. Bc6 g5 35. h3 h5 36. Bf3 f5 37. Bxh5 Re3+ 38. Kd2 Rxh3 39. Be2 g4 40.
Bd3 Rh2+ 41. Ke1 g3 42. Kf1 f3 43. Bxf5 Rxa2 44. Bg4 Ra1# 0-1

[Event "SR 5. liga SE-SI 2015/2016"]
[Site "?"]
[Date "2016.11.12"]
[Round "2.3"]
[White "Oslej, Marek"]
[Black "Romanova, Ela"]
[Result "1-0"]
[WhiteElo "1169"]
[BlackElo "1000"]
[PlyCount "70"]
[EventDate "2016.??.??"]

1. e4 e5 2. Nf3 Nc6 3. Bc4 Bc5 4. c3 Nf6 5. d4 exd4 6. cxd4 Bb6 7. O-O O-O 8.
Re1 d6 9. Nc3 Bg4 10. Bg5 Nxd4 11. Nd5 Nxf3+ 12. gxf3 Be6 13. Qb3 Bxd5 14. Bxd5
c6 15. Bc4 Bd4 16. Rad1 c5 17. f4 Qd7 18. f5 Rfe8 19. Bb5 Qc8 20. Bxe8 Qxe8 21.
Qc2 Rc8 22. Re2 Qe5 23. Rde1 Ng4 24. Rd2 Qxh2+ 25. Kf1 f6 26. Be3 Bxe3 27. fxe3
Qh3+ 28. Rg2 Nxe3+ 29. Rxe3 Qxe3 30. Qc4+ Kf8 31. Qe6 Re8 32. Qxd6+ Kg8 33. Qd7
Qc1+ 34. Kf2 Qd2+ 35. Qxd2 Rxe4 1-0

[Event "SR 5. liga SE-SI 2015/2016"]
[Site "?"]
[Date "2016.11.12"]
[Round "2.3"]
[White "Dubanova, Kristina"]
[Black "Nater, Nikolas"]
[Result "1-0"]
[WhiteElo "1000"]
[BlackElo "1264"]
[PlyCount "41"]
[EventDate "2016.??.??"]

1. e4 e5 2. Nf3 Nc6 3. Bc4 Bc5 4. Ng5 Nh6 5. Nc3 Qxg5 6. O-O d6 7. d3 Bh3 8.
Bxg5 Bg4 9. Qd2 Ng8 10. h3 Bd7 11. Qe1 Nd4 12. Qd1 f6 13. Be3 Nc6 14. Bxc5 dxc5
15. Nd5 O-O-O 16. Qf3 Nd4 17. Qd1 a5 18. Qd2 Bxh3 19. Qxa5 b6 20. Qa7 Rd7 21.
Qa8# 1-0

[Event "SR 5. liga SE-SI 2015/2016"]
[Site "?"]
[Date "2016.11.12"]
[Round "2.4"]
[White "Visvader, Kristof"]
[Black "Vozarova, Adriana"]
[Result "0-1"]
[WhiteElo "1198"]
[BlackElo "1459"]
[PlyCount "160"]
[EventDate "2016.??.??"]

1. e4 e5 2. Nf3 Nc6 3. Bb5 a6 4. Bxc6 dxc6 5. d4 exd4 6. Qxd4 Qxd4 7. Nxd4 c5
8. Ne2 b6 9. f3 Bb7 10. Kf2 O-O-O 11. Be3 Ne7 12. Nd2 Nc6 13. a3 g6 14. Bg5 Rd7
15. Bf6 Rg8 16. Rad1 Bg7 17. Bxg7 Rxg7 18. Nc4 f6 19. Nd2 Rg8 20. Nb3 Rgd8 21.
Rxd7 Rxd7 22. Ke3 Ne5 23. Nd2 a5 24. h3 g5 25. b3 h6 26. g3 Re7 27. Rd1 Rd7 28.
f4 Nc6 29. c3 Ba6 30. Nc1 Kd8 31. fxg5 fxg5 32. h4 Ne5 33. hxg5 hxg5 34. a4 Ke7
35. c4 Bb7 36. Rh1 Kf6 37. Rh6+ Kg7 38. Rh5 Kg6 39. Rh1 Ng4+ 40. Ke2 Rd4 41.
Re1 Bxe4 42. Nxe4 Rxe4+ 43. Kf1 Rxe1+ 44. Kxe1 Kf5 45. Kf1 Ke4 46. Ke2 Ne5 47.
Kd2 Kf3 48. Ne2 c6 49. Ke1 Nd3+ 50. Kd2 Nf2 51. g4 Nxg4 52. Ng1+ Ke4 53. Ke2
Ne5 54. Nh3 Nf3 55. Nf2+ Kf4 56. Nd3+ Kg3 57. Ke3 Nd4 58. Nc1 g4 59. Ke4 Kh2
60. Ke5 g3 61. Kd6 g2 62. Ne2 Nxe2 63. Kxc6 g1=Q 64. Kxb6 Nc1 65. Kxa5 Nxb3+
66. Kb6 Qe1 67. Kc6 Qb4 68. Kd5 Qb7+ 69. Ke5 Qd7 70. Ke4 Qd4+ 71. Kf5 Qe3 72.
a5 Nxa5 73. Kf6 Qe4 74. Kf7 Qe5 75. Kf8 Qc7 76. Ke8 Kg3 77. Kf8 Kf4 78. Ke8 Kf5
79. Kf8 Kf6 80. Kg8 Qg7# 0-1

[Event "SR 5. liga SE-SI 2015/2016"]
[Site "?"]
[Date "2016.11.12"]
[Round "2.4"]
[White "Tomasovic, Pavol"]
[Black "Jankovic, Vit"]
[Result "1-0"]
[WhiteElo "1308"]
[BlackElo "1113"]
[PlyCount "75"]
[EventDate "2016.??.??"]

1. e4 e5 2. Nf3 Nc6 3. Bb5 Nf6 4. O-O Nxe4 5. d4 Qe7 6. Re1 Nd6 7. Bxc6 f6 8.
Ba4 Nf7 9. Nc3 c6 10. dxe5 fxe5 11. Qe2 d6 12. h3 Bd7 13. Ne4 h6 14. c4 O-O-O
15. b4 a6 16. b5 c5 17. Nc3 a5 18. b6 Be6 19. Bd2 g5 20. Nd5 Bxd5 21. cxd5 Bg7
22. Bc3 Rhg8 23. Bxa5 e4 24. Rab1 Ne5 25. Nxe5 Qxe5 26. Bb3 Rde8 27. Qe3 h5 28.
Bd2 g4 29. a4 Bf6 30. hxg4 hxg4 31. Qf4 Qe7 32. Qf5+ Kb8 33. Qe6 Qh7 34. Qxd6+
Ka8 35. Bf4 Qf5 36. Bg3 e3 37. Qxc5 e2 38. Qa5# 1-0

[Event "SR 5. liga SE-SI 2015/2016"]
[Site "?"]
[Date "2016.11.12"]
[Round "2.4"]
[White "Nesnadny, Tomas"]
[Black "Fajtakova, Silvia"]
[Result "0-1"]
[WhiteElo "1000"]
[BlackElo "1235"]
[PlyCount "72"]
[EventDate "2016.??.??"]

1. e4 e5 2. Bc4 Nf6 3. d3 Bc5 4. Be3 Bb6 5. Nf3 Nc6 6. O-O d5 7. exd5 Nxd5 8.
d4 Nxe3 9. fxe3 exd4 10. Qe1 dxe3 11. Qe2 O-O 12. Nc3 Bg4 13. Nd5 Nd4 14. Qd3
Nxf3+ 15. gxf3 e2+ 16. Rf2 Bxf2+ 17. Kg2 e1=Q 18. Rxe1 Bxe1 19. fxg4 Qh4 20. h3
Qf2+ 21. Kh1 Rad8 22. Qe3 Qxe3 23. Nxe3 Rd2 24. Kg1 Bf2+ 25. Kf1 Bxe3 26. Ke1
Rxc2 27. b3 Rd8 28. Be2 Rc1+ 29. Bd1 Rdxd1+ 30. Ke2 Bh6 31. Kf3 Rc3+ 32. Ke4
Rc5 33. Kf3 Rd4 34. Kg3 Rd3+ 35. Kh4 Bg5+ 36. Kh5 g6# 0-1

[Event "SR 5. liga SE-SI 2015/2016"]
[Site "?"]
[Date "2016.11.12"]
[Round "2.4"]
[White "Novomeska, Karin"]
[Black "Jankovic, Erik"]
[Result "1-0"]
[WhiteElo "1080"]
[BlackElo "1000"]
[PlyCount "65"]
[EventDate "2016.??.??"]

1. e4 e5 2. Nf3 Nc6 3. Bc4 Nf6 4. d3 Bc5 5. Bg5 d6 6. Nbd2 Be6 7. Bb5 a6 8.
Bxc6+ bxc6 9. O-O Rb8 10. b3 Bd4 11. Nxd4 exd4 12. Nf3 c5 13. e5 dxe5 14. Nxe5
O-O 15. Nc6 Qd5 16. Ne7+ Kh8 17. Nxd5 Bxd5 18. Re1 Rfe8 19. c4 Bc6 20. Qd2 a5
21. Re2 Re6 22. Rae1 Rbe8 23. Rxe6 fxe6 24. Bxf6 gxf6 25. Qh6 f5 26. Rxe6 Bd7
27. Qf6+ Kg8 28. Rxe8+ Bxe8 29. h4 a4 30. bxa4 Bxa4 31. h5 Bc2 32. h6 Bxd3 33.
Qg7# 1-0

[Event "SR 5. liga SE-SI 2015/2016"]
[Site "?"]
[Date "2016.11.12"]
[Round "2.4"]
[White "Visvader, Rudolf"]
[Black "Vozar, Adam"]
[Result "1-0"]
[WhiteElo "1000"]
[BlackElo "1000"]
[PlyCount "73"]
[EventDate "2016.??.??"]

1. d4 d5 2. e3 Bf5 3. c4 e6 4. c5 Nc6 5. Nf3 Nf6 6. Bb5 Qd7 7. Ne5 Qd8 8. Qa4
Nd7 9. Bxc6 bxc6 10. Nxc6 Qg5 11. Ne5 Rd8 12. O-O Bh3 13. g3 Bxf1 14. Kxf1 Qh5
15. h4 f6 16. Nc6 Rc8 17. Nxa7 Ra8 18. Nc3 g5 19. Ncb5 Kf7 20. Nxc7 Rb8 21.
Qxd7+ Be7 22. Qxe6+ Kg6 23. Qxe7 gxh4 24. Ne6 Qg4 25. Qg7+ Kh5 26. Nf4+ Qxf4
27. exf4 Rhg8 28. Qxh7+ Kg4 29. Qxh4+ Kf5 30. Qh3+ Ke4 31. Qe6+ Kf3 32. Qxd5+
Kg4 33. Qe6+ Kh5 34. Qf7+ Kg4 35. Qxf6 Rh8 36. Kg2 Rh3 37. Qg6# 1-0

[Event "SR 5. liga SE-SI 2015/2016"]
[Site "?"]
[Date "2016.11.26"]
[Round "3.1"]
[White "Drozd, Jan"]
[Black "Visvader, Kristof"]
[Result "1-0"]
[WhiteElo "1563"]
[BlackElo "1198"]
[PlyCount "91"]
[EventDate "2016.??.??"]

1. e4 e5 2. Nf3 Nc6 3. Bb5 d6 4. d4 Bd7 5. O-O Nxd4 6. Bxd7+ Qxd7 7. Nxd4 exd4
8. Qxd4 Nf6 9. Nc3 Be7 10. Re1 O-O 11. Bg5 Qd8 12. Rad1 b6 13. e5 Ne8 14. Bxe7
Qxe7 15. exd6 Qxd6 16. Qe4 Nf6 17. Qf3 Qb4 18. b3 Qg4 19. Qxg4 Nxg4 20. h3 Nf6
21. g4 h6 22. Kg2 Rfe8 23. f4 Rxe1 24. Rxe1 Kf8 25. Kf3 Re8 26. Rxe8+ Kxe8 27.
Nb5 a6 28. Nxc7+ Kd7 29. Nxa6 Nd5 30. c4 Nc3 31. a4 Na2 32. b4 Nc3 33. a5 bxa5
34. bxa5 Na4 35. Ke4 Nc3+ 36. Kd3 Nd1 37. Nc5+ Kc6 38. Ne4 Nb2+ 39. Kd4 f6 40.
h4 Nd1 41. g5 hxg5 42. hxg5 fxg5 43. fxg5 Kb7 44. Kd5 Ne3+ 45. Kc5 Nf5 46. Nd6+
1-0

[Event "SR 5. liga SE-SI 2015/2016"]
[Site "?"]
[Date "2016.11.26"]
[Round "3.1"]
[White "Jankovic, Vit"]
[Black "Kaufman, Robert"]
[Result "0-1"]
[WhiteElo "1113"]
[BlackElo "1317"]
[PlyCount "36"]
[EventDate "2016.??.??"]

1. e4 e5 2. Nf3 Nc6 3. Nc3 Bc5 4. Nxe5 Nxe5 5. d4 Bxd4 6. Qxd4 d6 7. Bf4 Qf6 8.
Nd5 Nf3+ 9. gxf3 Qxd4 10. Nxc7+ Kd7 11. Nxa8 Ne7 12. c3 Qf6 13. Bd2 Rd8 14.
O-O-O Ke8 15. Nc7+ Kf8 16. Rg1 Rd7 17. Bg5 Qxf3 18. Bd3 Rxc7 0-1

[Event "SR 5. liga SE-SI 2015/2016"]
[Site "?"]
[Date "2016.11.26"]
[Round "3.1"]
[White "Oslej, Marek"]
[Black "Jankovic, Erik"]
[Result "1-0"]
[WhiteElo "1169"]
[BlackElo "1000"]
[PlyCount "131"]
[EventDate "2016.??.??"]

1. e4 e5 2. Nf3 Nc6 3. Bc4 d6 4. h3 Be6 5. Bb3 Bxb3 6. cxb3 d5 7. exd5 Qxd5 8.
Nc3 Qd7 9. O-O Bb4 10. a3 Bxc3 11. dxc3 Qxd1 12. Rxd1 Nge7 13. Be3 O-O 14. Bc5
Rfe8 15. Re1 f6 16. Rad1 Ng6 17. b4 b6 18. Be3 Rad8 19. b5 Nce7 20. c4 Nf5 21.
Bd2 Nd4 22. Bc3 Nxf3+ 23. gxf3 Rxd1 24. Rxd1 Nf4 25. Kh2 Ne2 26. Bb4 c5 27.
bxc6 Rc8 28. Rd6 Nd4 29. Kg2 Nxc6 30. Rd7 a5 31. Bc3 Rb8 32. Rc7 Nd4 33. Rd7
Ne2 34. Rd2 Nf4+ 35. Kg3 Nh5+ 36. Kg2 g5 37. Rd6 Rb7 38. Kh2 Kg7 39. Rd5 Rc7
40. b3 Nf4 41. Rb5 Rb7 42. Bxa5 Nd3 43. Bxb6 Nxf2 44. Bxf2 Rd7 45. Rd5 Rb7 46.
b4 h5 47. Rb5 Rd7 48. Rd5 Rb7 49. Be1 Kg6 50. a4 g4 51. hxg4 hxg4 52. fxg4 Kg5
53. Kg3 Re7 54. Bd2+ Kg6 55. a5 e4 56. Kf2 e3+ 57. Bxe3 Re4 58. Rd4 Re5 59. Kf3
f5 60. gxf5+ Rxf5+ 61. Rf4 Rh5 62. Rg4+ Kf5 63. Rg5+ Rxg5 64. Bxg5 Ke5 65. a6
Kd6 66. a7 1-0